Human Development top 50 of 2023 (Lowest) - Statistics

General Stats
  • This quiz has been taken 62 times
  • The average score is 41 of 50
Answer Stats
Rank Country Score Continent % Correct
13 Democratic Republic of the Congo 0,479 Africa
96%
1 South Sudan 0,385 Africa
96%
20 Sudan 0,508 Africa
96%
3 Niger 0,400 Africa
92%
39 Republic of the Congo 0,571 Africa
92%
30 Togo 0,539 Africa
92%
2 Chad 0,394 Africa
90%
17 Ethiopia 0,498 Africa
90%
34 Mauritania 0,556 Africa
90%
25 Uganda 0,525 Africa
90%
4 Central African Republic 0,404 Africa
88%
16 Eritrea 0,492 Africa
88%
10 Guinea 0,465 Africa
88%
6 Mali 0,428 Africa
88%
7 Mozambique 0,446 Africa
88%
27 Rwanda 0,534 Africa
88%
28 Nigeria 0,535 Africa
86%
26 Benin 0,525 Africa
84%
38 Zambia 0,565 Africa
84%
45 Zimbabwe 0,593 Africa
84%
44 Angola 0,586 Africa
82%
21 Djibouti 0,509 Africa
82%
40 Kenya 0,575 Africa
82%
35 Papua New Guinea 0,558 Oceania
82%
22 Senegal 0,511 Africa
82%
32 Tanzania 0,549 Africa
82%
9 Yemen 0,455 Asia
82%
8 Burkina Faso 0,449 Africa
80%
5 Burundi 0,426 Africa
80%
18 Gambia 0,500 Africa
80%
14 Liberia 0,481 Africa
80%
19 Madagascar 0,501 Africa
80%
11 Sierra Leone 0,477 Africa
80%
41 Cameroon 0,576 Africa
78%
24 Lesotho 0,514 Africa
78%
23 Malawi 0,512 Africa
78%
42 Syria 0,577 Asia
78%
12 Afghanistan 0,478 Asia
76%
48 Eswatini 0,597 Africa
76%
15 Guinea-Bissau 0,483 Africa
76%
33 Ivory Coast 0,550 Africa
76%
31 Pakistan 0,544 Asia
76%
47 Equatorial Guinea 0,596 Africa
72%
29 Haiti 0,535 North America
70%
43 Myanmar 0,585 Asia
70%
49 Nepal 0,602 Asia
66%
50 Vanuatu 0,607 Oceania
66%
46 Cambodia 0,593 Asia
64%
37 Solomon Islands 0,564 Oceania
62%
36 Comoros 0,558 Africa
60%
No matching quizzes found
Score Distribution
Percent of People with Each Score
Percentile by Number Answered
Your Score History
You have not taken this quiz